Statistics for Words With the Letter Sequence "que"

Click here to take the quiz!

General Stats

  • This quiz has been taken 12 times
  • The average score is 10 of 13

Answer Stats

HintAnswer% Correct
A bride has it during a wedding, and then throws it at the reception, perhaps.Bouquet
100%
A lawn game, in which wooden balls are driven through a series of hoops using mallets.Croquet
100%
In 1066, England was invaded by William the _________.Conqueror
92%
There's a saying that "actions have" these.Consequences
92%
An artificial channel for conveying water, usually like a bridge across a valley.Aqueduct
83%
An elaborate meal, or feast, for many people.Banquet
83%
Old term, maybe used in a will, that means to leave something to someone else.Bequeath
75%
Term typically used to describe a young person, tending to commit minor crimes.Delinquent
75%
Fluent or persuasive speaking or writing.Eloquence
67%
Fancy term relating to horse riding.Equestrian
67%
Occurring or done many times at short intervals.Frequent
58%
To make, or become liquid.Liquefy
58%
The British spelling (not French!) of a nobleman ranking above an earl and below a duke.Marquess
42%

Score Distribution

Percentile by Number Answered

Percent of People with Each Score

Your Score History

You have not taken this quiz